| 000 | 00705cab a2200253 4500 | ||
|---|---|---|---|
| 001 | WB2610-19 | ||
| 008 | 090401t1990 xxu||||| |||| 00| 0 eng d | ||
| 035 | _a(Sirsi) u3440 | ||
| 041 | _aeng | ||
| 245 | _aTrade fair for Europe | ||
| 260 | _c1990 | ||
| 350 | _a0 | ||
| 490 |
_aTimes _v7/3/90 p40 |
||
| 520 | _aThe first international commercial property trade fair has been held in Cannes aimed at highlighting the development opportunities that will arise after 1992. | ||
| 650 | _aEASTERN EUROPE | ||
| 650 | _aFOREIGN | ||
| 650 | _aINVESTMENT | ||
| 650 | _aMIPIM | ||
| 650 | _aPROPERTY | ||
| 650 | _aSINGLE MARKET | ||
| 690 | _aEUROPE-SINGLE MARKET | ||
| 942 | _n0 | ||
| 948 | _c04/03/1997 | ||
| 999 |
_c2114 _d2114 |
||